Statistics for Asia Map Quiz - Biggest cities

Click here to take the quiz!

General Stats

  • This quiz has been taken 26 times
    (11 since last reset)
  • The average score is 36 of 48

Answers on the Map

Answers color-coded by a green-red scale on the quiz's map according to % correct below.
 

Answer Stats

Answer% Correct
Almaty
88%
Ashgabat
88%
Colombo
88%
Delhi-New Delhi-Ghaziabad
88%
Dhaka
88%
Guangzhou-Shenzhen
88%
Kabul
88%
Karachi
88%
Kathmandu
88%
Kuala Lumpur
88%
Tehran
88%
Thimphu
88%
Baghdad
75%
Baku
75%
Bangkok
75%
Bishkek
75%
Damascus
75%
Dili
75%
Doha
75%
Dubai
75%
Ho Chi Minh City
75%
Istanbul
75%
Jakarta
75%
Kuwait City
75%
Malè
75%
Manama
75%
Manila
75%
Muscat
75%
Nicosia
75%
Pyongyang
75%
Riyadh
75%
Sana’a/Aden
75%
Seoul
75%
Singapore
75%
Taipei
75%
Tokyo-Yokohama
75%
Ulan Bator
75%
Vientiane
75%
Yangon
75%
Amman
63%
Bandar Seri Begawan
63%
Beirut
63%
Dushanbe
63%
Phnom Penh
63%
Tashkent
63%
Tbilisi
50%
Tel-Aviv-Jaffa
50%
Yerevan
50%

Score Distribution

Percentile by Number Answered

Percent of People with Each Score

Your Score History

You have not taken this quiz since the last reset